| 000 | 00469nam a2200157 i 4500 | ||
|---|---|---|---|
| 001 | 150677 | ||
| 003 | ES-MaACL | ||
| 005 | 20230906203631.0 | ||
| 007 | t| | ||
| 008 | 071105s1950 sp |||| | cat d | ||
| 100 | 1 |
_aDesola i Pujol, Francesc. _943914 |
|
| 245 | 1 | 0 |
_aPoemes de després _b: guerra, exili i retorn / _cFrancesc Desola i Pujol. |
| 260 |
_aBarcelona : _bAlbada de Poesia i Teatre, _c[1950?] |
||
| 300 |
_a106 p. ; _c17 cm. |
||
| 852 |
_aES-MaACL _jC-13163 |
||
| 999 |
_c150677 _d150677 |
||